Kaulah...Segalanya
| Main Author: | |
|---|---|
| Format: | Book |
| Published: |
Kuala Lumpur :
Melati Publisher Sdn.Bhd. ,
1994
|
| Series: | Klasiknya Cinta
|
| Subjects: |
MARC
| LEADER | 00000cam a2200000 7i4500 | ||
|---|---|---|---|
| 001 | 0000007893 | ||
| 002 | 000008467 | ||
| 005 | 20000330.0 | ||
| 020 | |a 9839806238 | ||
| 090 | 0 | 0 | |a F |b ZUR |
| 100 | 0 | |a Zuraidah Othman | |
| 245 | 0 | 0 | |a Kaulah...Segalanya |c Zuraidah Othman |
| 260 | |a Kuala Lumpur : |b Melati Publisher Sdn.Bhd. , |c 1994 | ||
| 300 | |a 111p. ; |c 18cm. | ||
| 490 | 0 | |a Klasiknya Cinta | |
| 650 | 0 | 0 | |a Love stories, Malay |
| 999 | |a 054693 |b BUKU |c FICTION |e PERPUSTAKAAN KOMUNITI CAW KOTA DAMANSARA | ||
| 999 | |a 054694 |b BUKU |c FICTION |e PERPUSTAKAAN KOMUNITI CAW KOTA DAMANSARA | ||